000 00571nam a2200229Ia 4500
003 OSt
005 20221007115741.0
006 a|||||r|||| 00| 0
007 ta
008 221006b |||||||| |||| 00| 0 eng d
024 _a38,032
037 _cTextual
040 _aLCO
_cLCO
_beng
041 _2eng
_aeng
082 _aV2:47, Q8
100 _aAHMAD Imtiaz
_9193750
245 0 _aCaste and Social Stratification Among Muslims in Inida
260 _c2018
300 _a314
942 _hV2:47, Q8
_cTEXL
999 _c1207595
_d1207595